000 01012nam a2200277 i 4500
001 000004465
003 DO-SdBNP
005 20240515150317.0
007 ta
008 090723s1988 dr a 000 0bspa d
040 _aDO-SdBNP
_bspa
_cBNPHU
_erda
082 4 _a922.742
_bC269L
_222
100 1 _aLockward, George,
_98508
_eautor
245 1 0 _aCartas de Cardy primer misionero metodista en Samaná /
_cGeorge Lockward.
264 _aSanto Domingo :
_bEducativa Dominicana,
_c1988.
300 _a136 páginas :
_bilustraciones ;
_c22 cm.
336 _2rdacontent
_atexto
_btxt
337 _2rdamedia
_asin mediación
_bn
338 _2rdacarrier
_avolumen
_bnc
500 _aIncluye referencias bibliográficas y notas al pie de las páginas
590 _aInventariado, 2024/BT
600 1 4 _aCardy, William T.,
_d1814-1871
_vCorrespondencias, memorias, etc.
_913077
650 4 _aMisioneros ingleses
_vCorrespondencias, memorias, etc.
_913078
910 _aValidado. Control de calidad MMOLINA
942 _2ddc
_cLBS1
999 _c4274
_d4274